00950nam a2200157Ia 4500008004100000082001900041100001800060245017900078260003000257365000600287630017900293730017900472942000900651999001900660952011300679100415s9999 xx 000 0 und d b1202a580(548) aTrimen Henry aA hand-book to the flora of Ceylon : containing descriptions of all teh species of flowering plants indigenous to the island and notes on their history, distribution and uses aLONDONc1895bDULAU & CO, b0 aA hand-book to the flora of Ceylon : containing descriptions of all teh species of flowering plants indigenous to the island and notes on their history, distribution and uses aA hand-book to the flora of Ceylon : containing descriptions of all teh species of flowering plants indigenous to the island and notes on their history, distribution and uses cBOOK c584260d584257 00104070aBNHSbBNHSd1996-10-11g0.00l0o580(548) 1202pBNHS-1202r2010-04-15 00:00:00w2010-04-15yBOOK